000 00355nam a2200145Ia 4500
003 OSt
005 20240109155305.0
008 170524s9999 xx 000 0 und d
020 _a9789351434467
040 _cIIMT UNIVERSITY
100 _aBASU- DR DURGA DAS
245 0 _aINTRODUCTION TO THE CONSTITUTION INDIA
260 _bLEXIS NEXIS
942 _2ddc
_c02
999 _c9556
_d9556